000
00205 a2200097 4500
020
_a
9780822550617
041
_a
spa
100
_a
Robin Nelson
245
_a
Las Grasas los Acites y los Dulces
942
_c
BK
999
_c
14221
_d
14221